| 000 | 00951nam a22002657a 4500 | ||
|---|---|---|---|
| 999 |
_c64015 _d64015 |
||
| 005 | 20240530110710.0 | ||
| 008 | 180130s2015 ua aa g b 000 1 ara d | ||
| 017 |
_a2014/14719 _bمصر. دار الكتب |
||
| 020 | _a9789774991486 | ||
| 040 |
_aEG-CaGPL _cEG-CaGPL |
||
| 082 | 0 | 4 |
_221 _a808 / _bع ن |
| 100 | 0 | _aعمر بن دحمان | |
| 245 | 1 | 0 |
_aنظرية الاستعارة التصورية والخطاب الادبى / _cعمر بن دحمان |
| 250 | _aط. 1 | ||
| 260 |
_aالقاهرة : _bرؤية للنشر و التوزيع ، _c.2015 |
||
| 300 |
_a302 ص. : _bجداول ؛ _c19 سم. |
||
| 504 | _aيشتمل على ارجاعات ببليوجرافية | ||
| 650 | 0 | 7 |
_2qrmak _aالبلاغة |
| 650 | 0 | 7 |
_2qrmak _aالاسلوب الادبى |
| 650 | 0 | 7 |
_2qrmak _aالانشاء الادبى |
| 650 | 0 | 7 |
_2qrmak _aالخطابة |
| 651 | _2qrmak | ||
| 942 |
_2ddc _cBK |
||